01000nam a22002651 450000100060000000300080000600500170001400800410003103500190007204000270009104100080011808200260012610000350015224500620018726000290024930000260027850000920030450400270039665000550042365000570047865000290053594200120056499900170057695201410059350830BD-RjUL20211209075554.0160828s1963 nyua b 000 0 eng  a(BD-RjUL)50950 aDLC/ICUcICUdDLCbeng aeng00223a515.625bHEE 19631 aHenrici, Peter.d1923-915215810aError propagation for difference methods /cPeter Henrici aNew York :bWiley,c1963 a73 p.billus.c24 cm. aCompanion to the author's Discrete variable methods in ordinary differential equations. aIncludes bibliography. 0aDifference equationsxNumerical solutions.9152160 0aInitial value problemsxNumerical solutions.9152161 0aRoundoff errors.9152162 2ddccBK c50830d50830 00102ddc40718NFICaRUCLbRUCLcReadingd1965-04-17eZeitlingerg38.00l0o515.625 HEE 1963r2016-08-28 00:00:00tC-1w2016-08-28yBK